| 000 | 00641cam a22002172 4500 | ||
|---|---|---|---|
| 001 | 0000009292 | ||
| 005 | 20151217152052.0 | ||
| 008 | 080921s xx 000 0 eng d | ||
| 020 |
_a0131958944 : _cBSP 49 |
||
| 040 |
_aKABU _cKABU |
||
| 050 | 0 |
_aLC191 _b.B35 2009 |
|
| 100 | 1 |
_aBallantine, Jeanne H. _@0000158970 |
|
| 245 | 1 | 4 |
_aThe Sociology of education : _ba systematic analysis. |
| 250 | _a6th ed. | ||
| 260 |
_aUpper Saddle River, NJ : _bPrentice Hall, _c2009. |
||
| 300 | _axv, 496 p. | ||
| 650 | 0 |
_aEducational sociology. _@0000153711 |
|
| 908 | _a080921 | ||
| 950 | _@1 | ||
| 999 |
_c7858 _d7858 |
||